| 000 | 00721nam a22002177a 4500 | ||
|---|---|---|---|
| 999 |
_c61713 _d61713 |
||
| 005 | 20240419155103.0 | ||
| 008 | 240419s2008 enk||||| |||| 00| 0 eng d | ||
| 020 | _a9780071470513x | ||
| 041 | _aeng | ||
| 080 | _a615.9 C-29 | ||
| 100 |
_aKlaassen, Curtis _921886 |
||
| 245 |
_aCasarett & Doull's Toxicology : _bThe Basic Science of Poisons / _cEditor Curtis Klaassen. |
||
| 250 | _aSeventh Edition | ||
| 264 |
_aNew York : _bMcGraw-Hill, _c2008. |
||
| 300 |
_a1310 p.: _bill. ; _c29 cm. |
||
| 653 | _aშხამები | ||
| 653 | _aტოქსიკოლოგია | ||
| 653 | _aმედიცინა | ||
| 700 |
_aKlaassen, Curtis _eრედაქტორი _921887 |
||
| 942 |
_2udc _cᲬᲘᲒᲜᲘ |
||